| 000 | 01050nam a2200289Ia 4500 | ||
|---|---|---|---|
| 005 | 20220317000341.0 | ||
| 008 | 141031s2014 ck ck a 0 gpad s sp spa | ||
| 020 | _a9789584236333 | ||
| 100 | 1 |
_aTolkien, John Ronald Revel, _d1892-1973 |
|
| 245 | 1 | 3 |
_aEl señor de los anillos _bla comunidad del anillo _cJ.R.R Tolkien ; traducción de Matilde Horne y Luis Domènech |
| 250 |
_a1a edición _b2a reimpresión |
||
| 300 |
_a566 páginas _bilustraciones, mapas _c32 cm |
||
| 534 | _tThe Lord of the Ring | ||
| 650 | 1 | 4 |
_2LEMB _aLiteratura sudafricana _ySiglo XX |
| 650 | 1 | 4 |
_2LEMB _aNovela sudafricana _ySiglo XX |
| 650 | 1 | 4 |
_2LEMB _aFantasia en la literatura |
| 650 | 1 | 4 |
_2LEMB _aMitología nordica |
| 650 | 1 | 4 |
_2LEMB _aMundos fantásticos |
| 700 | 1 |
_aDoménech, Luis Horne, Matilde _etraductor _969629 |
|
| 942 |
_2loc _cBKLIT |
||
| 264 |
_aBogotá _bBooket _c2014 |
||
| 336 |
_atexto _btxt _2rdacontent |
||
| 337 |
_asin mediación _bn _2rdamedia |
||
| 338 |
_avolumen _bnc _2rdacarrier |
||
| 040 |
_aCO-BoRNBP _bspa _erda _cCO-BoRNBP |
||
| 084 | _aN TOL3 | ||
| 999 |
_c3803 _d3803 |
||